| 000 | 00422nam a2200181Ia 4500 | ||
|---|---|---|---|
| 003 | OSt | ||
| 005 | 20251125103925.0 | ||
| 008 | 250729s1983 xx 000 0 und d | ||
| 020 | _a978-3659123009 | ||
| 040 | _cAL | ||
| 041 | _aeng | ||
| 082 | _a370 UNES | ||
| 245 | _aLearning needs & problems in primary education | ||
| 260 |
_aBangkok _c1983 |
||
| 300 | _a23p | ||
| 650 |
_aEducation _9224759 |
||
| 942 |
_2ddc _cBED |
||
| 999 |
_c236574 _d236574 |
||